|
|
|
|
| LEADER |
00000cam a2200000 7i4500 |
| 001 |
0000001826 |
| 005 |
20020205.0 |
| 090 |
0 |
0 |
|a JPSM 634.973562
|b PAN 1998
|
| 245 |
0 |
0 |
|a PANDUAN kutipan, penabungan dan penyelenggaraan anak liar bagi sebilangan jenis meranti :
|b sustainable forest management and development in Peninsular Malaysia PD 185/91 rev. 2(F) phase 1
|
| 260 |
0 |
0 |
|a Kuala Lumpur :
|b Jabatan Perhutanan Semenanjung Malaysia ,
|c 1998
|
| 300 |
|
|
|a ii, 27 p. :
|b ill. ;
|c 23 cm.
|
| 500 |
0 |
0 |
|a Projek kerjasama Malaysia-ITTO
|
| 650 |
0 |
0 |
|a Hardwoods
|
| 650 |
0 |
0 |
|a Meranti
|x Handbooks, manuals, etc.
|
| 650 |
0 |
0 |
|a Seedlings
|
| 998 |
|
|
|a JPSM
|
| 999 |
|
|
|a 0000003398
|b Monograph
|c Open Shelf
|e Default branch
|